00426nam a2200157 a 450000100060000000300090000600800410001502000150005604000280007108200160009910000240011524500170013926000790015630000110023565000220024617926CO-ViMGA141112s2004 ck r 000 u spa d a9583350877 aCO-ViMGAbspacCO-ViMGA04aCo862 R637a1 aRodriguez, Adelaida10aLos Ausentes aTunja (Colombia), cAlcaldia Municipal de San Vicente de Chucurí, c2003 a122.p.14aPOESIA COLOMBIANA